| 000 | 01200nam a2200313 a 4500 | ||
|---|---|---|---|
| 001 | ebr10496688 | ||
| 003 | CaPaEBR | ||
| 006 | m u | ||
| 007 | cr cn||||||||| | ||
| 008 | 080715s2011 cau s 000 0 eng d | ||
| 020 | _z1593272898 | ||
| 020 | _z9781593272890 | ||
| 020 | _z9781593273958 (e-book) | ||
| 040 |
_aCaPaEBR _cCaPaEBR |
||
| 035 | _a(OCoLC)769187419 | ||
| 050 | 1 | 4 |
_aQA76.76.D57 _bE24 2011eb |
| 100 | 1 | _aEagle, Chris. | |
| 245 | 1 | 4 |
_aThe IDA pro book _h[electronic resource] : _bthe unofficial guide to the world's most popular disassembler / _cChris Eagle. |
| 250 | _a2nd ed. | ||
| 260 |
_aSan Francisco : _bNo Starch Press, _c2011. |
||
| 300 | _a672 p. | ||
| 533 |
_aElectronic reproduction. _bPalo Alto, Calif. : _cebrary, _d2011. _nAvailable via World Wide Web. _nAccess may be limited to ebrary affiliated libraries. |
||
| 630 | 0 | 0 | _aIDA Pro (Electronic resource) |
| 650 | 0 | _aDisassemblers (Computer programs) | |
| 650 | 0 | _aDebugging in computer science. | |
| 655 | 7 |
_aElectronic books. _2local |
|
| 710 | 2 | _aebrary, Inc. | |
| 856 | 4 | 0 |
_uhttp://site.ebrary.com/lib/rucke/Doc?id=10496688 _zAn electronic book accessible through the World Wide Web; click to view |
| 999 |
_c231222 _d231222 |
||